| 000 | 00767nam a2200241Ia 4500 | ||
|---|---|---|---|
| 003 | GCL | ||
| 008 | 140319s9999 xx 000 0 ara d | ||
| 020 | _a7 13300995 | ||
| 040 |
_aGCL / _cGCL |
||
| 082 | 0 | 4 |
_a323 _bهـ ح |
| 100 | 1 | _aهانى سليمان الطعيمات | |
| 245 | 1 | 0 |
_aحقوق الانسان وحرياتة الاساسية / _cهانى سليمان الطعيمات |
| 250 | _aالاولى | ||
| 260 |
_aالاردن : _bدار الشروق ، _c2006 |
||
| 300 |
_a414 ص ؛ _c24 سم |
||
| 650 | 0 | 4 | _aالحقوق السياسية |
| 650 | 0 | 4 | _aحقوق الانسان |
| 650 | 0 | 4 | _aالحقوق المدنية |
| 650 | 0 | 4 | _aالحرية |
| 650 | 0 | 4 | _aحقوق المرأة |
| 650 | 0 | 4 | _aحرية التعبير |
| 942 |
_2ddc _cBK |
||
| 999 |
_c48126 _d48126 |
||